Vvedenije v dinamiku Dzozefsonovskich perechodov /
Uložené v:
| Hlavný autor: | |
|---|---|
| Médium: | Kniha |
| Jazyk: | Russian |
| Vydané: |
Moskva :
Nauka,
1985.
|
| Vydanie: | 1.izd. |
| Edícia: | Sovremennyje problemy fiziki
|
| ISBN: |
viaz. |
| Fyzický popis: |
319 s. |
| Tagy: |
Pridať tag
Žiadne tagy, Buďte prvý kto otaguje tento záznam!
|
Titul je dostupný aj v ... 

MARC
| LEADER | 00000nam a2200000 a 4500 | ||
|---|---|---|---|
| 001 | 000173021 | ||
| 005 | 20100623231414.0 | ||
| 008 | 040101s1985 ru e rus d | ||
| 020 | |a viaz. |c Kčs 52,00 | ||
| 040 | |a SVKKK |b slo |c SVKKK |e AACR2 | ||
| 041 | 0 | |a rus | |
| 044 | |a ru |c RU | ||
| 100 | 1 | |a Licharev, Konstantin Konstantinovič |4 aut | |
| 245 | 1 | 0 | |a Vvedenije v dinamiku Dzozefsonovskich perechodov / |c Konstantin Konstantinovič Licharev. |
| 250 | |a 1.izd. | ||
| 260 | |a Moskva : |b Nauka, |c 1985. | ||
| 300 | |a 319 s. | ||
| 490 | 1 | |a Sovremennyje problemy fiziki | |
| 910 | |a svkkk | ||
| 998 | |a BK | ||
| 090 | |g SCKHL |k Sklad Pribinova 2. posch. |a III.126889 |j 715452 |i 173021-10 |4 Zastaraná |s Vyradená | ||
| 090 | |g SCKHL |k Sklad Pribinova 2. posch. |a III.136026 |j 728816 |i 2720674203 |4 Zastaraná |s Vyradená | ||